Most common US 9th grade classes - Statistics

General Stats
  • This quiz has been taken 28 times
  • The average score is 4 of 6
Answer Stats
Answer % Correct
english
93%
history
89%
algebra
85%
biology
81%
pe
63%
health
19%
No matching quizzes found
Score Distribution
Percent of People with Each Score
Percentile by Number Answered
Your Score History
You have not taken this quiz